000 00403nam a22001697a 4500
003 SGT
020 _a9784431859079
082 _a617.8
_bV09M
100 _aMUROFUSHI, T.
245 _aVESTIBULAR EVOKED MYOGENIC POTENTIAL
250 _a1ST
260 _aHONG KONG
_bSPRINGER PUB
_c2009
300 _a112
650 _aAUDIOLOGY
653 _aVESTIBULAR EVOKED MYOGENIC POTENTIAL
942 _2ddc
_cBK
999 _c31352
_d31352